| 000 | 00368nam a2200157Ia 4500 | ||
|---|---|---|---|
| 008 | 210210b1933 xxu||||| |||| 00| 0 eng d | ||
| 041 | _aeng | ||
| 082 | _a829/1187 | ||
| 100 | _aWADDELL (Helen) | ||
| 245 | _aPeter Abelard | ||
| 260 |
_aLondon _bConstatble & Co Ltd. _c1933 |
||
| 650 | _aPeter | ||
| 650 | _aAbelard | ||
| 690 | _aEnglish Fiction | ||
| 906 | _a017798 | ||
| 999 |
_c137782 _d137782 |
||